Bibundé (Registro nro. 71)
[ vista simple ]
| 000 - LÍDER | |
|---|---|
| campo de control de longitud fija | 01444nam a22003377a 4500 |
| 005 - FECHA Y HORA DE LA ÚLTIMA TRANSACCIÓN | |
| campo de control | 20210727152951.0 |
| 008 - ELEMENTOS DE DATOS DE LONGITUD FIJA - INFORMACIÓN GENERAL | |
| campo de control de longitud fija | 140606b2013 sp a|||g|||| 00| 01sspad |
| 020 ## - INTERNATIONAL STANDARD BOOK NUMBER | |
| International Standard Book Number | 9789588787237 |
| 040 ## - FUENTE DE CATALOGACIÓN | |
| Agencia de catalogación original | CO-BoRNBP |
| Lenguaje de catalogación | spa |
| Descripción convenciones | rda |
| Agencia de transcripción | CO-BoRNBP |
| 084 ## - OTRO NÚMERO DE CLASIFICACIÓN | |
| Número de clasificación | C GAY1 |
| 100 1# - ENTRADA PRINCIPAL - NOMBRE PERSONAL | |
| Nombre de la persona | Gay, Michael, |
| Fechas asociadas a un nombre | 1947- |
| 245 10 - TÍTULO DECLARACIÓN | |
| Título | Bibundé |
| Declaración de responsabilidad | Michael Gay ; traducción Anna Coll-Vinent |
| 250 ## - DECLARACIÓN DE EDICIÓN | |
| Sentencia de edición | Edición especial para el Ministerio de Cultura |
| 264 ## - AVISO DE PRODUCCIÓN, PUBLICACIÓN, DISTRIBUCIÓN, FABRICACIÓN Y DERECHOS DE AUTOR | |
| Lugar de producción | Barcelona |
| -- | Bogotá |
| Nombre del productor | Coimbo |
| -- | Nomos Impresores |
| Fecha de producción | 2013 |
| 300 ## - DESCRIPCIÓN FÍSICA | |
| Alcance | 37 páginas |
| Otros datos físicos | ilustraciones en color |
| Dimensiones | 27 cm |
| 336 ## - TIPO DE CONTENIDO | |
| Tipo de contenido | texto |
| Código de tipo de contenido | txt |
| Fuente | rdacontent |
| 337 ## - TIPO DE MEDIO | |
| Término del tipo de medio | sin mediación |
| Código de tipo de medio | n |
| Fuente | rdamedia |
| 338 ## - TIPO DE PORTADOR | |
| Término del tipo de operador | volumen |
| Código de tipo de operador | nc |
| Fuente | rdacarrier |
| 490 ## - DECLARACIÓN EN SERIE | |
| Estado de cuenta de la serie | Biblioteca del ratoncito Pérez |
| 490 ## - DECLARACIÓN EN SERIE | |
| Estado de cuenta de la serie | Leer es mi cuento |
| 520 ## - RESUMEN | |
| Resumen | La increíble historia del primer baño del más pequeño de los pingüinos. El famoso Bibundé, hijo único del Emperador y la Emperatriz de los pingüinos. |
| 521 ## - NOTA DE AUDIENCIA OBJETIVO | |
| Nota para el público objetivo | Recomendado para niños de 2 a 4 años |
| 534 ## - NOTA DE VERSIÓN ORIGINAL | |
| Declaración de título del original | Biboundé |
| 650 14 - ENTRADA DE SUJETO AÑADIDO - TÉRMINO TÓPICO | |
| Fuente del título o término | LEMB |
| Término tópico o elemento de entrada del nombre geográfico | Cuentos infantiles franceses |
| Subdivisión cronológica | Siglo XX |
| 650 14 - ENTRADA DE SUJETO AÑADIDO - TÉRMINO TÓPICO | |
| Fuente del título o término | LEMB |
| Término tópico o elemento de entrada del nombre geográfico | Literatura infantil francesa |
| Subdivisión cronológica | Siglo XX |
| 650 14 - ENTRADA DE SUJETO AÑADIDO - TÉRMINO TÓPICO | |
| Fuente del título o término | LEMB |
| Término tópico o elemento de entrada del nombre geográfico | Pingüinos en la literatura |
| 650 14 - ENTRADA DE SUJETO AÑADIDO - TÉRMINO TÓPICO | |
| Fuente del título o término | LEMB |
| Término tópico o elemento de entrada del nombre geográfico | Familia en la literatura |
| 700 1# - ENTRADA AGREGADA - NOMBRE PERSONAL | |
| Nombre de la persona | Coll-Vinent, Anna |
| Término del Relator | traductor |
| 830 ## - ENTRADA AGREGADA EN SERIE - TÍTULO UNIFORME | |
| Título uniforme | Colección para la Primera Infancia del Ministerio de Cultura, Plan Nacional de Lectura y Escritura Leer es mi cuento, Primera Infancia 2013 |
| 9 (RLIN) | 43924 |
| 942 ## - ELEMENTOS DE ENTRADA AGREGADOS (KOHA) | |
| Fuente de clasificación o esquema de estanterías | |
| Tipo de artículo Koha | Literatura Infantil |
| Estado de retirada | Pérdida de estatus | Fuente de clasificación o esquema de estanterías | Estado dañado | No para préstamo | Código de recogida | Ubicación permanente | Ubicación actual | Ubicación de las estanterías | Fecha de adquisición | Fuente de adquisición | Total de Cajas | Número Topográfico | Código de barras | Precio efectivo desde | Número de copia | Fecha de la última vez que se vio | Tipo de artículo Koha |
|---|---|---|---|---|---|---|---|---|---|---|---|---|---|---|---|---|---|
| Dewey Decimal Classification | Infantil | Biblioteca Pública Municipal Abraham Ayala | Biblioteca Pública Municipal Abraham Ayala | Área Infantil | 08/11/2024 | DOTACIÓN MUNICIPIO | C GAY1 | PUE13 - 3514 | 08/11/2024 | Ej. 1 | 08/11/2024 | Literatura Infantil | |||||
| Dewey Decimal Classification | Infantil | Biblioteca Pública Municipal Isaías Naranjo Ríos | Biblioteca Pública Municipal Isaías Naranjo Ríos | Área Infantil | 03/10/2000 | Dotación ministerio de cultura | C GAY1 | API01 - 1929 | 15/10/2024 | Ej.1 | 15/10/2024 | Literatura Infantil | |||||
| Dewey Decimal Classification | Infantil | Biblioteca Pública Municipal Juan XXIII | Biblioteca Pública Municipal Juan XXIII | Área Infantil | 10/07/2024 | Ministerio de cultura | C GAY1 | BAL02-3676 | 10/07/2024 | Ej.1 | 10/07/2024 | Literatura Infantil | |||||
| Dewey Decimal Classification | General | Biblioteca Pública Municipal Pública Municipal de Santuario | Biblioteca Pública Municipal Pública Municipal de Santuario | Área General | 25/05/2023 | Dotación MinCultura y BNC | C GAY1 | SANT18 - 2206 | 25/05/2023 | Ej. 1 | 25/05/2023 | Literatura Infantil | |||||
| Dewey Decimal Classification | Infantil | Biblioteca Pública Municipal de Guática | Biblioteca Pública Municipal de Guática | Área Infantil | 30/05/2025 | Dotacion Ministerio de Cultura | C GAY1 | GUA07-3094 | 30/05/2025 | Ej. 1 | 30/05/2025 | Literatura Infantil |